000 00299 a2200145 4500
001 183052
020 _a
040 _cMagnum
100 _aSociedade Educacional Positivo
240 1 0 _aPalavra viva
_lpor
245 1 0 _aPalavra viva
300 _a136
697 _aLITERATURA GERAL
942 _cBK
999 _c183052
_d183052